<?xml version="1.0" encoding="UTF-8"?><?xml-stylesheet type="text/xsl" href="static/style.xsl"?><OAI-PMH xmlns="http://www.openarchives.org/OAI/2.0/" xmlns:xsi="http://www.w3.org/2001/XMLSchema-instance" xsi:schemaLocation="http://www.openarchives.org/OAI/2.0/ http://www.openarchives.org/OAI/2.0/OAI-PMH.xsd"><responseDate>2026-04-18T05:18:21Z</responseDate><request verb="GetRecord" identifier="oai:www.recercat.cat:2117/406509" metadataPrefix="marc">https://recercat.cat/oai/request</request><GetRecord><record><header><identifier>oai:recercat.cat:2117/406509</identifier><datestamp>2026-01-22T04:30:02Z</datestamp><setSpec>com_2072_1033</setSpec><setSpec>col_2072_452950</setSpec></header><metadata><record xmlns="http://www.loc.gov/MARC21/slim" xmlns:dcterms="http://purl.org/dc/terms/" xmlns:xsi="http://www.w3.org/2001/XMLSchema-instance" xmlns:doc="http://www.lyncode.com/xoai" xsi:schemaLocation="http://www.loc.gov/MARC21/slim http://www.loc.gov/standards/marcxml/schema/MARC21slim.xsd">
   <leader>00925njm 22002777a 4500</leader>
   <datafield ind2=" " ind1=" " tag="042">
      <subfield code="a">dc</subfield>
   </datafield>
   <datafield ind2=" " ind1=" " tag="720">
      <subfield code="a">Montero Mercadé, Lídia</subfield>
      <subfield code="e">author</subfield>
   </datafield>
   <datafield ind2=" " ind1=" " tag="720">
      <subfield code="a">Codina Sancho, Esteve</subfield>
      <subfield code="e">author</subfield>
   </datafield>
   <datafield ind2=" " ind1=" " tag="720">
      <subfield code="a">Barceló Bugeda, Jaime</subfield>
      <subfield code="e">author</subfield>
   </datafield>
   <datafield ind2=" " ind1=" " tag="260">
      <subfield code="c">2001-05</subfield>
   </datafield>
   <datafield ind2=" " ind1=" " tag="520">
      <subfield code="a">Traffic assignment models based on the user-equilibrium approach are one of the most widely used tools in transportation planning analysis. Resulting offer a static average view of the expected use of the road infrastructure under the modeling hypothesis. This information has usually been enough for the planning decisions. The planned infrastructure is probably sufficient for average demand, but time-varying traffic, i.e., at peak periods, combined with the in¯uence of road geometry, can produce undesired congestion that can not be forecasted or analysed with the static tools. There is a clear case for a change in the analysis methodology such as combination of a traffic assignment tool, with a microscopic traffic simulator.&#xd;
This paper illustrates, by means of a case study, the combination of a well-known traffic assignment tool, the EMME/2 model, with a microscopic traffic simulator, Advanced InteractiveMicroscopic Simulator For&#xd;
Urban And Non-Urban Networks (AIMSUN2) with emphasis on the description of the specific interfaces that make consistent the combination of both tools in the Generic Environment for Traffic Analysis and Modeling (GETRAM) environment. Models for complex transportation systems should be the combination of mathematical models and computer models, to overcome, for example, the difficulties of the integration&#xd;
of modeling tools. GETRAM environment has an open and flexible computer architecture suitable&#xd;
for such purposes.</subfield>
   </datafield>
   <datafield ind2=" " ind1=" " tag="520">
      <subfield code="a">Peer Reviewed</subfield>
   </datafield>
   <datafield ind2=" " ind1=" " tag="520">
      <subfield code="a">Postprint (author's final draft)</subfield>
   </datafield>
   <datafield tag="653" ind2=" " ind1=" ">
      <subfield code="a">Àrees temàtiques de la UPC::Matemàtiques i estadística::Matemàtica aplicada a les ciències</subfield>
   </datafield>
   <datafield tag="653" ind2=" " ind1=" ">
      <subfield code="a">Numerical analysis</subfield>
   </datafield>
   <datafield tag="653" ind2=" " ind1=" ">
      <subfield code="a">Transportation planning</subfield>
   </datafield>
   <datafield tag="653" ind2=" " ind1=" ">
      <subfield code="a">Microscopic simulation</subfield>
   </datafield>
   <datafield tag="653" ind2=" " ind1=" ">
      <subfield code="a">Graphical interfaces</subfield>
   </datafield>
   <datafield tag="653" ind2=" " ind1=" ">
      <subfield code="a">Motorway assesment</subfield>
   </datafield>
   <datafield tag="653" ind2=" " ind1=" ">
      <subfield code="a">Anàlisi numèrica</subfield>
   </datafield>
   <datafield tag="653" ind2=" " ind1=" ">
      <subfield code="a">Classificació AMS::65 Numerical analysis::65K Mathematical programming, optimization and variational techniques</subfield>
   </datafield>
   <datafield ind2="0" ind1="0" tag="245">
      <subfield code="a">A combined methodology for transportation planning assessment: application to a case study</subfield>
   </datafield>
</record></metadata></record></GetRecord></OAI-PMH>